General Knowledge Tile Select Quiz #1 - Statistics

General Stats
  • This quiz has been taken 58 times
  • The average score is 39 of 45
Answer Stats
Question Tile Select % Correct
countries in Europe Chile No
98%
countries in Europe Germany Yes
98%
countries in Europe Greece Yes
98%
countries in Europe Mexico No
98%
countries in Europe Norway Yes
98%
countries in Europe Venezuela No
98%
countries in Europe Vietnam No
98%
countries in Europe Peru No
96%
countries in Europe Spain Yes
96%
former US presidents Abraham Lincoln Yes
94%
Periodic Table elements Charlite No
94%
Periodic Table elements Convex No
94%
former US presidents George Washington Yes
94%
Periodic Table elements Helium Yes
94%
Periodic Table elements Zaxby No
94%
Periodic Table elements Hydrogen Yes
92%
former US presidents John Jay No
92%
Periodic Table elements Silver Yes
92%
Periodic Table elements Zinc Yes
92%
words that are the same in both English and Spanish house No
90%
former US presidents Thomas Edison No
90%
prime numbers 62 No
88%
words that are the same in both English and Spanish and No
88%
words that are the same in both English and Spanish bathroom No
88%
words that are the same in both English and Spanish chicken No
88%
words that are the same in both English and Spanish rice No
88%
prime numbers 108 No
87%
prime numbers 24 No
87%
prime numbers 12 No
85%
prime numbers 5 Yes
85%
former US presidents Aaron Burr No
85%
words that are the same in both English and Spanish taxi Yes
85%
prime numbers 21 No
83%
words that are the same in both English and Spanish pizza Yes
83%
Periodic Table elements Plutonium Yes
81%
former US presidents Woodrow Wilson Yes
81%
Periodic Table elements Xenon Yes
81%
prime numbers 19 Yes
79%
prime numbers 35 No
79%
prime numbers 17 Yes
77%
former US presidents John Quincy Adams Yes
75%
former US presidents James Madison Yes
71%
words that are the same in both English and Spanish coffee No
63%
words that are the same in both English and Spanish hotel Yes
63%
former US presidents Benjamin Franklin No
46%
No matching quizzes found
Score Distribution
Percent of People with Each Score
Percentile by Number Answered
Your Score History
You have not taken this quiz